[Event "Coulsdon Xmas-B"]
[Site "Coulsdon"]
[Date "2006.12.14"]
[Round "7"]
[White "Poobalasingam, Peter"]
[Black "Haldane, Robin W"]
[Result "1-0"]
[WhiteElo "2068"]
[BlackElo "2122"]
[PlyCount "81"]
[EventDate "2006.12.11"]
[EventType "tourn"]
[EventRounds "9"]
[EventCountry "ENG"]
[SourceTitle "EXT 2008"]
[Source "ChessBase"]
[SourceDate "2007.11.25"]
[SourceVersion "1"]
[SourceVersionDate "2007.11.25"]
[SourceQuality "1"]

1. Nf3 d5 2. c4 e6 3. e3 Nf6 4. b3 c5 5. Bb2 Nc6 6. Be2 Bd6 7. d3 0-0 8. Nbd2 b6 9. Rc1 Bb7 10. Nf1 d4 11. e4 Nd7 12. Ng3 f5 13. Qc2 Nb4 14. Qb1 Bxg3 15. hxg3 fxe4 16. dxe4 Nf6 17. Nd2 d3 18. Bf3 Nxe4 19. Bxe4 Bxe4 20. Nxe4 d2+ 21. Ke2 dxc1N+ 22. Bxc1 Qe8 23. Rxh7 Qg6 24. Rh4 Rad8 25. Bg5 Rd4 26. Be3 Rd7 27. Qh1 Nxa2 28. f3 Rfd8 29. Qa1 Nb4 30. Rg4 Qf5 31. Rg5 Nc2 32. Qc3 Nd4+ 33. Kf2 Qf7 34. Qa1 Rf8 35. Bf4 Nc6 36. Qh1 e5 37. Rh5 Qg6 38. Rg5 Qe6 39. Be3 Rf5 40. Qh3 g6 41. Qxf5 1-0

[Event "Coulsdon Xmas-B"]
[Site "Coulsdon"]
[Date "2006.12.11"]
[Round "1"]
[White "Haldane, Robin W"]
[Black "Seymour, Timothy P"]
[Result "0-1"]
[WhiteElo "2122"]
[BlackElo "2050"]
[PlyCount "114"]
[EventDate "2006.12.11"]
[EventType "tourn"]
[EventRounds "9"]
[EventCountry "ENG"]
[SourceTitle "EXT 2008"]
[Source "ChessBase"]
[SourceDate "2007.11.25"]
[SourceVersion "1"]
[SourceVersionDate "2007.11.25"]
[SourceQuality "1"]

1. e4 Nf6 2. e5 Nd5 3. d4 d6 4. c4 Nb6 5. exd6 cxd6 6. Be3 g6 7. Qd2 Bg7 8. Bh6 0-0 9. Nc3 Nc6 10. 0-0-0 d5 11. Bxg7 Kxg7 12. c5 Nc4 13. Bxc4 dxc4 14. d5 Ne5 15. Qd4 f6 16. Kb1 Qc7 17. Rd2 Bf5+ 18. Ka1 Rac8 19. f4 Nd3 20. Qxc4 Qxc5 21. Qxc5 Rxc5 22. Nge2 Nf2 23. Re1 Ne4 24. Rd4 Nxc3 25. Nxc3 Kf7 26. h3 h5 27. Rg1 h4 28. a3 Rd8 29. Rgd1 b5 30. Rb4 a6 31. Rd2 Ke8 32. Rbd4 Rd6 33. Rd1 Kd8 34. Rg1 Kc7 35. Re1 Kd8 36. Rd2 Rd7 37. Re3 a5 38. a4 b4 39. Nb5 Rcxd5 40. Rde2 Bd3 41. Rf2 Bxb5 42. axb5 Rxb5 43. Ka2 a4 44. Rf1 Rd2 45. g3 a3 46. gxh4 Rxb2+ 47. Ka1 b3 48. Rd1+ Ke8 49. Rdd3 Rc5 50. Rc3 Rxc3 51. Rxc3 Kd7 52. f5 gxf5 53. h5 Ke8 54. h6 Kf7 55. Rg3 Ra2+ 56. Kb1 Rd2 57. Rg1 Rh2 0-1